000 00463nam a2200181Ia 4500
003 GCL
008 140319s9999 xx 000 0 eng d
040 _aGCL /
_cGCL
082 0 4 _a822
_bH R
100 1 _aHOBSBAUM, PHILIP
245 1 0 _aA READER'S GUIDE TO ROBERT LOWELL /
_cHOBSBAUM, PHILIP
260 _a[S.N] :
_bTHAMES AND HUDSON ،
_c1988
650 0 4 _aLITERATURE
650 0 4 _aSTORIES
650 0 4 _aPOEMS
650 0 4 _aLOWELL, ROBERT
942 _2ddc
_cBK
999 _c24826
_d24826